000 00304 a2200121 4500
999 _c327392
_d327392
001 92319
003 NUST
005 20180120151846.0
008 180120b xxu||||| |||| 00| 0 eng d
082 _a796.358 KHA
100 _aSyed Khalid Mahmood
_91581
245 _aAsian Glory : Cricket World Cup 2011
260 _aKarachi
_bJumbo Publishing
_c2011
300 _a162p.
942 _aCAE NUST
_cBK
_k796.358 KHA
_2ddc